| 000 | 00690nam a2200205Ii 4500 | ||
|---|---|---|---|
| 003 | JO-AjNU | ||
| 008 | 230605s9999||||xx |||||||||||||| ||und|| | ||
| 040 |
_aJO-AjNU _bara _erda _cJO-AjNU |
||
| 041 | _aara | ||
| 050 | 1 | 4 | _aPJ7866.M2.G48 1989 |
| 100 | 3 |
_aتأليف نويهض،جمال سليم أم خلدون, _eauthor _916816 |
|
| 245 | 0 | 0 | _aغربة في الوطن |
| 250 | _aط1 | ||
| 264 | 3 | 1 | _aبيروت: دار الجيل، 1989 ؛ عمان: الدار العربية، 1989 |
| 300 | _a263ص | ||
| 336 |
_atext _btxt _2rdacontent |
||
| 337 |
_aunmediated _bn _2rdamedia |
||
| 338 |
_avolume _bnc _2rdacarrier |
||
| 650 | 4 |
_aالأدب العربي - قصص - فلسطين _916817 |
|
| 999 |
_aA5068 _c8636 _d8636 |
||